Sams Teach Yourself Oracle 8i on Windows NT : (Record no. 180357)
[ view plain ]
| 000 -LEADER | |
|---|---|
| fixed length control field | 00800 a2200181 4500 |
| 003 - CONTROL NUMBER IDENTIFIER | |
| control field | Nust |
| 005 - DATE AND TIME OF LATEST TRANSACTION | |
| control field | 20220817120656.0 |
| 020 ## - INTERNATIONAL STANDARD BOOK NUMBER | |
| International Standard Book Number | 8176353019 |
| 040 ## - CATALOGING SOURCE | |
| Transcribing agency | Nust |
| 082 ## - DEWEY DECIMAL CLASSIFICATION NUMBER | |
| Classification number | 005.133,THA |
| 100 ## - MAIN ENTRY--PERSONAL NAME | |
| Personal name | Thakkar Meghraj |
| 9 (RLIN) | 78249 |
| 245 ## - TITLE STATEMENT | |
| Title | Sams Teach Yourself Oracle 8i on Windows NT : |
| Remainder of title | in 24 Hours / |
| Statement of responsibility, etc. | Meghraj Thakkar |
| 260 ## - PUBLICATION, DISTRIBUTION, ETC. | |
| Place of publication, distribution, etc. | Delhi |
| Name of publisher, distributor, etc. | Techmedia |
| Date of publication, distribution, etc. | 1999: |
| 300 ## - PHYSICAL DESCRIPTION | |
| Extent | 597:P.: |
| 505 ## - FORMATTED CONTENTS NOTE | |
| Formatted contents note | Part-1: Getting Started with Oracle on Window NT (Page-5), Part-2: Building Database (Page-101), Part-3: Working With Oracle Utilities (Page-189),Part-4: Protecting Your Database (Page-277), Part-5: Tuning and Troubleshooting Database (Page-373), Part-6: Windows NT Clustering Solutions and the World Wide Web (Page-455). |
| 650 ## - SUBJECT ADDED ENTRY--TOPICAL TERM | |
| Topical term or geographic name entry element | Windows, Computer Science |
| 9 (RLIN) | 97733 |
| 942 ## - ADDED ENTRY ELEMENTS (KOHA) | |
| Source of classification or shelving scheme | |
| Koha item type | Book |
| Call number prefix | 005.133,THA |
| Withdrawn status | Lost status | Source of classification or shelving scheme | Damaged status | Not for loan | Permanent Location | Current Location | Shelving location | Date acquired | Full call number | Barcode | Date last seen | Price effective from | Koha item type | Public note |
|---|---|---|---|---|---|---|---|---|---|---|---|---|---|---|
| Military College of Signals (MCS) | Military College of Signals (MCS) | General Stacks | 12/12/2016 | 005.133,THA | MCS28569 | 12/08/2016 | 12/12/2016 | Book | Almirah No.5, Shelf No.3 |
